LIBRARY ONLINE CATALOGUE

Personal finance : (Record no. 8087)

MARC details
000 -LEADER
fixed length control field 00642nam a22002172 4500
001 - CONTROL NUMBER
control field 0000011900
005 - DATE AND TIME OF LATEST TRANSACTION
control field 20151217152103.0
008 - FIXED-LENGTH DATA ELEMENTS--GENERAL INFORMATION
fixed length control field 090119s xx 000 0 eng d
020 ## - INTERNATIONAL STANDARD BOOK NUMBER
International Standard Book Number 0135046459 :
040 ## - CATALOGING SOURCE
Original cataloging agency KABU
Transcribing agency KABU
100 1# - MAIN ENTRY--PERSONAL NAME
Personal name Keown, Arthur J.
-- 0000167948
245 10 - TITLE STATEMENT
Title Personal finance :
Remainder of title turning money into wealth /
Statement of responsibility, etc. Arthur J. Keown.
250 ## - EDITION STATEMENT
Edition statement 4th ed.
260 ## - PUBLICATION, DISTRIBUTION, ETC. (IMPRINT)
Place of publication, distribution, etc. London :
Name of publisher, distributor, etc. Pearson Educ.,
Date of publication, distribution, etc. 2007.
300 ## - PHYSICAL DESCRIPTION
Extent xxxi, 640. p.
650 #0 - SUBJECT ADDED ENTRY--TOPICAL TERM
Topical term or geographic name as entry element Finance, Personal.
-- 0000152441
650 #0 - SUBJECT ADDED ENTRY--TOPICAL TERM
Topical term or geographic name as entry element Investment.
-- 0000167949
852 1# - LOCATION
-- p3950 KES
908 ## - PUT COMMAND PARAMETER (RLIN)
Put command parameter 090119
950 ## - LOCAL HOLDINGS (RLIN)
-- 1
Holdings
Withdrawn status Lost status Source of classification or shelving scheme Not for loan Home library Current library Date acquired Total Checkouts Full call number Barcode Date last seen Date last checked out Price effective from Koha item type
    Library of Congress Classification   Kabarak, Main Campus Kabarak, Main Campus 17/12/2015 1 HG179 K46 2007 c. 1 16162 07/03/2023 23/02/2023 17/12/2015 General Collection